000 00570nam a2200193 i 4500
001 22512
003 ES-MaACL
005 20230906152717.0
007 t|
008 021203s1971 mx |||| | spa d
100 1 _aAlegría, Fernando.
_919681
245 1 0 _aLiteratura y revolución /
_cFernando Alegría.
250 _a1ª ed.
260 _aMéxico :
_bFondo de Cultura Económica,
_c1971.
300 _a243 p. ;
_c17 cm.
650 0 4 _aLiteratura hispanoamericana-
_yS.XX-
_xHistoria y crítica.
_914614
852 _aES-MaACL
_jC-56723
852 _aES-MaACL
_jC-56692
999 _c22512
_d22512